| 000 | 00796nam a2200241 a 4500 | ||
|---|---|---|---|
| 001 | 000045756 | ||
| 003 | DO-SdBNP | ||
| 005 | 20170301111108.0 | ||
| 007 | 000045756 | ||
| 008 | 150511s2011 dr a 000 0 spa d | ||
| 020 | _z9789945879308 | ||
| 040 |
_aBPMET _bspa _cBPMET |
||
| 092 |
_axxxx _bxxxx |
||
| 100 | 1 | _aJiménez, Patricia | |
| 245 | 1 | 4 |
_aUna vuelta por las estaciones del año / _cPatricia Jiménez del Pozo ; ilustraciones Willy Ochoa ; revisión, edición Geraldine de Santis, Juan Carlos Jiménez. |
| 260 |
_aSanto Domingo : _bEdición BGtown, _c2011. |
||
| 300 |
_a51 p. : _bil. ; _c23 cm. |
||
| 700 | 1 | 2 |
_aOchoa, Willy, _eil. |
| 700 | 1 | 2 |
_aSantis, Geraldine de, _eed. |
| 700 | 1 | 2 |
_aJiménez, Juan Carlos, _eed. |
| 942 |
_2ddc _cBK |
||
| 956 |
_aVMATEO _b10 _c20150518 _lBPMSU _h0069 |
||
| 999 |
_c7888 _d7888 |
||